| 000 | 00721nam0a22002531 4500 | ||
|---|---|---|---|
| 001 | rc\2780443 | ||
| 005 | 20250810050729.0 | ||
| 035 | _a(NLR Aleph) 006906680 | ||
| 090 |
_a7304133 _c7304133 |
||
| 100 | _a20110915d1942 u y0rusy50 ca | ||
| 101 | 0 | _arus | |
| 102 | _aRU | ||
| 105 | _ay z ||||| | ||
| 200 | 1 |
_aКубань борется! _fИ. Юдин |
|
| 210 |
_aСочи _cгаз. "Большевик" _d1942 |
||
| 215 |
_a30, [2] с. _d16 см. |
||
| 700 | 1 |
_aЮдин _bИ.И. _gИван И. |
|
| 801 | 0 |
_aRU _bNLR _gpsbo |
|
| 801 | 1 |
_aRU _bELAR _2rusmarc |
|
| 852 |
_aNLR _jИр80 Г-2/16 |
||
| 942 | _cBOOK | ||
| 945 | _aРоссийская национальная библиотека | ||
| 980 | _aNB | ||
| 980 | _aBV | ||